LIBRARY & INFORMATION CENTRE, KCAET, TAVANUR

ONLINE PUBLIC ACCESS CATALOGUE (OPAC)

Principles of Structural Design: Wood, Steel, and Concrete (Record no. 14589)

MARC details
000 -LEADER
fixed length control field 00312nam a22001217a 4500
020 ## - INTERNATIONAL STANDARD BOOK NUMBER
ISBN 9781420073393
082 ## - DEWEY DECIMAL CLASSIFICATION NUMBER
Classification number 624.1771
Item number RAM/PR
100 ## - MAIN ENTRY--AUTHOR NAME
Personal name Ram S. Gupta
245 ## - TITLE STATEMENT
Title Principles of Structural Design: Wood, Steel, and Concrete
260 ## - PUBLICATION, DISTRIBUTION, ETC. (IMPRINT)
Place of publication Boca Raton
Name of publisher CRC Press
Year of publication 2011
300 ## - PHYSICAL DESCRIPTION
Number of Pages 472
942 ## - ADDED ENTRY ELEMENTS (KOHA)
Koha item type Books
Holdings
Withdrawn status Lost status Damaged status Collection code Home library Current library Shelving location Date acquired Source of acquisition Cost, normal purchase price Full call number Accession Number Koha item type
        KAUAET KAUAET General Stacks 18/07/2016 Ganesh Book Centre 8752.20 624.1771 RAM/PR 24877 Books
free website counter